00622nam a2200205 a 4500001001300000003000900013005001700022008004100039020002500080082001500105100002200120245005800142260004500200300000900245500003500254505003000289650004000319650003500359700002200394nice12345678IN_TiNIC20260116013940.0050524s1993 chia grp 000 0 eng  a0226018 c808.500a241.3bSHI aShields, Philip R aLogic and Sin in the Writings of Luddwig Wittgenstein aChicagobChicago University Press c1993 a146p aincludes index and biblioraphy2 aBiographical Notes, Index aSin-History of Doctrines-20th Centu aWittgenstein, Ludwig 1989-19511 aShields, Philip R